000 00736nam a22002297a 4500
003 JO-AjAnu
005 20231202092141.0
008 231128b jo ||||| |||| 00| 0 ara d
015 _22018/9/4424
020 _a9789957719852
040 _aJO-AjAnu
_bARA
_cJO-AjAnu
041 _aARA
050 _aHD1491
_a2019
100 1 _aالعتابي، رعد عيدان
_964502
_eمؤلف
245 2 1 _aالاقتصاد الزراعي النظرية والتطبيق /
_cرعد عيدان العتابي
250 _aالطبعة الاولى
260 _aعمان :
_bدار دجلة،
_c2019
300 _a280صفحة
500 _aمتاح للجميع
650 7 0 _aالاقتصاد الزراعي
_936978
942 _2lcc
_cBK
_n0
999 _c33177
_d33177